[Event "Harburg-chF 3rd"]
[Site "Hamburg"]
[Date "2005.06.26"]
[Round "5"]
[White "Olschok, Juergen"]
[Black "Grove, Uwe"]
[Result "1/2-1/2"]
[WhiteElo "1700"]
[BlackElo "1723"]
[PlyCount "84"]
[EventDate "2005.06.??"]
[EventType "tourn"]
[EventRounds "5"]
[EventCountry "GER"]
[SourceTitle "EXT 2006"]
[Source "ChessBase"]
[SourceDate "2005.11.24"]
[SourceVersion "1"]
[SourceVersionDate "2005.11.24"]
[SourceQuality "1"]

1. e4 d6 2. d4 Nf6 3. Nc3 g6 4. f3 Bg7 5. Be3 0-0 6. Qd2 Nbd7 7. Bc4 c5 8. dxc5 Nxc5 9. 0-0-0 Be6 10. Bxe6 Nxe6 11. Nge2 a6 12. Bh6 b5 13. h4 Qa5 14. Bxg7 Kxg7 15. Kb1 h6 16. h5 g5 17. Ng3 Qc7 18. Nf5+ Kh7 19. Nd5 Nxd5 20. exd5 Ng7 21. Nxg7 Kxg7 22. Qd4+ f6 23. Rhe1 Rf7 24. Re6 Rc8 25. Qe4 f5 26. Qd3 Qc4 27. Rde1 Qxd3 28. cxd3 Rc5 29. Rg6+ Kf8 30. Rxh6 Rxd5 31. Kc2 e5 32. Rh8+ Kg7 33. Ra8 Rc7+ 34. Kd2 Rdc5 35. Rxa6 Rc2+ 36. Kd1 Rc1+ 37. Ke2 R7c2+ 38. Kf1 Rxe1+ 39. Kxe1 Rxg2 40. Rxd6 Rxb2 41. Rb6 Rxa2 42. Rxb5 Rh2 1/2-1/2

[Event "Harburg-chF 3rd"]
[Site "Hamburg"]
[Date "2005.06.24"]
[Round "1"]
[White "Grove, Uwe"]
[Black "Diz Suarez, Carlos"]
[Result "1/2-1/2"]
[WhiteElo "1723"]
[BlackElo "1676"]
[PlyCount "73"]
[EventDate "2005.06.??"]
[EventType "tourn"]
[EventRounds "5"]
[EventCountry "GER"]
[SourceTitle "EXT 2006"]
[Source "ChessBase"]
[SourceDate "2005.11.24"]
[SourceVersion "1"]
[SourceVersionDate "2005.11.24"]
[SourceQuality "1"]

1. Nf3 Nf6 2. d4 d5 3. g3 c5 4. c3 e6 5. Bg2 b6 6. Bg5 h6 7. Bxf6 Qxf6 8. Nbd2 Qd8 9. Ne5 a6 10. 0-0 Ra7 11. e3 Bd6 12. Qh5 0-0 13. dxc5 bxc5 14. c4 Bb7 15. cxd5 Bxd5 16. Nec4 Be7 17. Rfd1 Bxg2 18. Kxg2 Qd5+ 19. Qf3 Nc6 20. b3 Qxf3+ 21. Nxf3 Bf6 22. Rab1 a5 23. Rd6 Rc8 24. Rbd1 a4 25. bxa4 Nb4 26. a3 Nd5 27. e4 Nc3 28. R1d3 Nxa4 29. e5 Bg5 30. h4 Be7 31. Rd7 Rxd7 32. Rxd7 Bf8 33. Nfd2 Rb8 34. Ne4 Nb2 35. Nxb2 Rxb2 36. Rc7 Ra2 37. Nxc5 1/2-1/2